000 00586nam a2200205 i 4500
001 21447
003 ES-MaACL
005 20250817062547.0
007 t|
008 021125s1978 sp ||||1| spa d
100 1 _aAlcalá Galve, Ángel.
_919463
245 1 3 _aEl sistema de Servet /
_cAngel Alcalá Galve.
260 _aMadrid :
_bFundación Juan March,
_c[1978]
300 _a54 p. ;
_c21 cm.
490 1 _aSerie universitaria
710 2 _aFundación Juan March
_94346
830 0 _aSerie universitaria
_9180747
852 _aES-MaACL
_jA-9093
_bR.98014
999 _c21447
_d21447